000 00560nam a22001937a 4500
003 KOHA_MİRAKIL
005 20241003053903.0
008 241002b2022 tu ||||| |||| 00| 0 tur d
020 _a9786051215273
040 _aTR-AnABB
_btur
_cTR-AnABB
041 _atur
082 _a813.42
_bSU 2022
100 1 _aSu, Mükerrem Kamil, 1906-1997
_9407
245 1 0 _aÇırpınan sular uyuyan hatıralar /
_cMükerrem Kamil Su.
260 _aAnkara :
_bElips Kitap,
_c2022.
300 _a387 sayfa ;
_c20 cm.
650 _aTürk edebiyatı, roman
_94
942 _2ddc
_cBK
999 _c6978
_d6978
900 _bCan Çelik